000
00245nam a2200085Ia 4500
008
220214s9999 xx 000 0 und d
245
0
_a
Challenges to rubber in new millennium
260
_b
75th Anniversary of RRIM 1925-2000 publication
942
_c
RE
999
_c
46640
_d
46640